| 000 | 00491nam a2200205Ia 4500 | ||
|---|---|---|---|
| 008 | 170203s9999 xx 000 0 und d | ||
| 020 | _a0-141301074 | ||
| 050 | _aFic | ||
| 050 | _b.D131t 1980 | ||
| 100 | _aDahl, Roald | ||
| 245 | 4 | _aThe Twits / | |
| 245 | _cRoald Dahl ; illustrated by Quentin Blake. | ||
| 260 | _aNew York : | ||
| 260 | _bScholastic Inc., | ||
| 260 | _c1980 | ||
| 300 | _a76 pages ; | ||
| 300 | _bill. ; | ||
| 300 | _c20 cm. | ||
| 650 | _aHumorous stories. | ||
| 999 |
_c306035 _d306035 |
||